Histroy of the european space agency, 1958-1987 (Record no. 14417)

MARC details
000 -LEADER
fixed length control field 00660nam a2200217Ia 4500
003 - CONTROL NUMBER IDENTIFIER
control field IN-BaIIA
008 - FIXED-LENGTH DATA ELEMENTS--GENERAL INFORMATION
fixed length control field 211028s9999 xx 000 0 eng d
020 ## - INTERNATIONAL STANDARD BOOK NUMBER
International Standard Book Number 92-9092-536-1
040 ## - CATALOGING SOURCE
Transcribing agency IIA Library
080 ## - UNIVERSAL DECIMAL CLASSIFICATION NUMBER
Universal Decimal Classification number 52(091)(4)
Item number KRI
100 ## - MAIN ENTRY--PERSONAL NAME
Personal name Krige, J
9 (RLIN) 25579
245 #0 - TITLE STATEMENT
Title Histroy of the european space agency, 1958-1987
Remainder of title vol. 1, ESRO and ELDO, 1958-1973
Statement of responsibility, etc. J. Krige and A. Russo
260 ## - PUBLICATION, DISTRIBUTION, ETC.
Place of publication, distribution, etc. The Netherlands
Name of publisher, distributor, etc. European Space Agency
Date of publication, distribution, etc. 2000
300 ## - PHYSICAL DESCRIPTION
Extent xvii, 461p.
490 ## - SERIES STATEMENT
Series statement SP-1235
650 ## - SUBJECT ADDED ENTRY--TOPICAL TERM
Topical term or geographic name entry element European Space Agency
9 (RLIN) 25580
650 ## - SUBJECT ADDED ENTRY--TOPICAL TERM
Topical term or geographic name entry element Scientific programmes
9 (RLIN) 25581
650 ## - SUBJECT ADDED ENTRY--TOPICAL TERM
Topical term or geographic name entry element Space age
9 (RLIN) 25582
700 ## - ADDED ENTRY--PERSONAL NAME
Personal name Russo, A.
9 (RLIN) 25583
942 ## - ADDED ENTRY ELEMENTS (KOHA)
Koha item type Books
Holdings
Withdrawn status Lost status Damaged status Not for loan Home library Current library Shelving location Date acquired Total Checkouts Full call number Barcode Date last seen Price effective from Koha item type Purchase Price
        IIA Library-Bangalore IIA Library-Bangalore General Stacks 27/12/2001   52(091)(4)/ KRI 15337 05/11/2021 27/12/2001 Books € 75.00 (set)

Powered by Koha